01319nab a2200181uuc4500001000800000005001700008008004100025035001200066035002100078040001300099041000800112100005100120245008000171520071000251650006400961650001001025773010201035123379420240202101612.0110301e20081001 spa  a1233794 a(OCoLC)820576947 ccomduadb aspa 0aHeld, Klaus,d1936-4aut0(viaf)100874973eaut13aLa última pregunta directriz de Heidegger : ¿hay aún hoy tierra natal?3 aRESUMEN : La frase final del último texto manuscrito de Heidegger, redactado en 1976 pocos días antes de su muerte, reza: "...es necesario meditar "Si" y "cómo", en la época de la civilización mundial tecnificada y uniforme, puede haber aún tierra natal". Me propongo aquí reflexionar a fondo en torno a esto, adviertiendo que no es suficiente participar, discutiendo o negociando, en la controversia acerca de los pro y contra de la globalización, sino que es necesario detenerse y meditar. Doy un primer paso en esta "meditación", reflexionando acerca de la relación en la que están los muchos lmundos de las culturas tradicionales con el único mundo de la humanidad globalizada. aHeidegger, Martin, 1889-1976 - Crítica e interpretación aMundo0 tAnuario Colombiano de FenomenologíagVol. 02, Oct. 2008, p. 115-127w1233642x2027-02080573921